Normal view MARC view
  • Paolini Adriana

Entry Personal Name

Number of records used in: 1

001 - CONTROL NUMBER

  • control field: 7532

003 - CONTROL NUMBER IDENTIFIER

  • control field: IT-RoPau

005 - DATE AND TIME OF LATEST TRANSACTION

  • control field: 20140104163819.0

008 - FIXED-LENGTH DATA ELEMENTS

  • fixed length control field: 140104|| aca||aabn | a|a d

040 ## - CATALOGING SOURCE

  • Original cataloging agency: IT-RoPau
  • Transcribing agency: IT-RoPau

100 ## - HEADING--PERSONAL NAME

  • Personal name: Paolini Adriana
  • Dates associated with a name: Codice autore musica SPICS: 25277
  • Relator term: Autore musica
  • Name of part/section of a work: Ma che musica maestro

670 ## - SOURCE DATA FOUND

  • Source citation: Work cat.: (IT-RoPau)102418: AA.VV. 794, Canzoniere dei bambini (Il) vol.2-Lp Sm 3411
CREDITS: SOCIETA' SAN PAOLO Via A.Severo, 58 - ROMA (RM) & PERIODICI SAN PAOLO SRL Via Giotto, 36 MILANO & CISF Via Giotto, 36 MILANO & EDIZIONI SAN PAOLO SRL,  Piazza Soncino, 5 CINISELLO BALSAMO (MI) -- ITALY